000 00592nam a2200217Ia 4500
008 101110s9999 xx 000 0 und d
041 _aENGLISH
082 _bJR5012
100 _aRaichura U.B., Raghuraman K., Samant N.N. & etc.
245 _aA new course in chemistry XI Sci.
260 _c2006
_bNeel Kanth Publishing House, Mumbai
300 _a259
365 _b50
520 _aChemistry
546 _aENGLISH
630 _aA new course in chemistry XI Sci.
650 _aChemistry
655 _aChemistry
730 _aA new course in chemistry XI Sci.
942 _cBOOK
999 _c795819
_d795816